MLB All-Time WAR Leaders By Position - Statistics

General Stats
  • This quiz has been taken 69 times
  • The average score is 8 of 10
Answer Stats
Position WAR Player % Correct
OF 182.6 Babe Ruth
98%
OF 162.8 Barry Bonds
93%
OF 156.2 Willie Mays
81%
P 166.9 Walter Johnson
80%
3B 117.6 Alex Rodriguez
78%
1B 113.7 Lou Gehrig
76%
C 75.1 Johnny Bench
75%
P 163.6 Cy Young
68%
SS 131.0 Honus Wagner
63%
2B 127.0 Rogers Hornsby
53%
No matching quizzes found
Score Distribution
Percent of People with Each Score
Percentile by Number Answered
Your Score History
You have not taken this quiz